| 000 | 01084nam a22001457a 4500 | ||
|---|---|---|---|
| 003 | NUST | ||
| 005 | 20221230131532.0 | ||
| 008 | 221230b ||||| |||| 00| 0 eng d | ||
| 082 | _a355.309549,PAK | ||
| 245 |
_aPakistan Army Green Book -2016 / _c GHQ Rawalpindi |
||
| 260 |
_a Rawalpindi, _bGHQ, _c2016. |
||
| 300 | _a168p. | ||
| 505 | _aThe Jammu and Kashmir Dispute (Page-4), Pakistan's Baneful Courtship (Page-11), Cina's 'One belt, One road' (Page-22), Advocating National security and National Narrative today (Page-35), Water wars against Pakistan and our response (Page-43), The Era of war (Page-53), Global Economic Dynamics (Page-65), Pakistan complex internal security matrix (Page-81), Beyond terrorism (Page-94), Negotiating the intricacies of the maritime domain (Page-101), Pakistan energy needs (Page-113), Re- emergenc of Russia as superpower (Page-127), Defence policy for Pakistan (Page-148), Attributes of Leadership Embedded in great leaders and the need to institutionalise leadership training in Pakistan Army (Page-161). | ||
| 942 |
_2ddc _cBK _k355.309549,PAK |
||
| 999 |
_c592857 _d592857 |
||